000 02357nam a22002177a 4500
999 _c58687
_d58687
003 Ge_BSU
005 20220629120724.0
008 220629s2016 ge ||||| |||| 00| 0 geo d
020 _a9789941095146
041 _ageo
080 _a376.3(479.22) რ-97
100 _aრუხაძე, ნინო
_914244
245 _aინკლუზიური პროფესიული განათლების გზამკვლევი :
_b[პროფესიული საგანმანათლებლო დაწესებულების ადმინისტრაციის წარმომადგენლების, მასწავლებლების, ინკლუზიური განათლების სპეციალისტებისა და ინკლუზიური პროფ. განათლების საკითხით დაინტერესებული ნებისმიერი პირისათვის] /
_cნინო რუხაძე.
264 _aთბილისი,
_c2016.
300 _a142 გვ. ;
_b23 სმ.
500 _aავტორი მითითებულია თავფურ. მე-2 გვერდზე. გზამკვლევი შექმნილია ნორვეგიის განათლებისა და კვლევის სამინისტროს მხარდაჭერით პროექტის ფარგლებში - ”ინკლუზიური განათლების დანერგვა საქართველოს პროფესიული განათლებისა და გადამზადების სისტემაში”.
504 _aბიბლიოგრ.: გვ. 142
653 _aინკლუზიური განათლება საქართველოში.
856 _uhttps://www.profgldani.ge/pdf_new/%E1%83%98%E1%83%9C%E1%83%99%E1%83%9A%E1%83%A3%E1%83%96%E1%83%98%E1%83%A3%E1%83%A0%E1%83%98_%E1%83%92%E1%83%90%E1%83%9C%E1%83%90%E1%83%97%E1%83%9A%E1%83%94%E1%83%91%E1%83%98%E1%83%A1_%E1%83%92%E1%83%96%E1%83%90%E1%83%9B%E1%83%99%E1%83%95%E1%83%9A%E1%83%94%E1%83%95%E1%83%98.pdf
_yელ. ვერსია. pdf
942 _2udc
_cBK